[Event "Ch Balkan Countries (w)"]
[Site "Istanbul (Turkey)"]
[Round "6"]
[White "Genova Ruzka (BUL)"]
[Black "Karachaliou Elia (GRE)"]
[Result "1-0"]
[WhiteElo "2221"]
[BlackElo "2064"]

1.d4 Nf6 2.Nf3 e6 3.c4 c5 4.d5 exd5 5.cxd5 d6 6.Nc3 g6 7.e4 Bg7 8.Be2 O-O
9.Bf4 Na6 10.O-O Ne8 11.Re1 Nac7 12.a4 Rb8 13.Qd2 b6 14.Bh6 a6 15.Bxg7 Kxg7
16.Rab1 b5 17.axb5 axb5 18.b4 c4 19.Nd4 Bd7 20.f4 Qc8 21.h3 h5 22.Bf3 Kh7
23.e5 Ng7 24.exd6 Nce8 25.Nc6 Ra8 26.Nxb5 Bf5 27.Nbd4 Nxd6 28.b5 Ra4 29.b6 Qa6
30.Re7 Nc8 31.Ra7 c3 32.Rxa6 cxd2 33.Rxa4 {#r} 1-0

[Event "Ch Germany (seniors) (team)"]
[Site "Rheda (Germany)"]
[Round "7"]
[White "Raitza Egon (GER)"]
[Black "Kuzaj Helmut (GER)"]
[Result "0-1"]
[WhiteElo "1883"]
[BlackElo "2107"]

1.d4 Nf6 2.c4 e6 3.Nc3 c5 4.d5 exd5 5.cxd5 d6 6.e4 g6 7.Nf3 Bg7 8.Nd2 O-O
9.Be2 Na6 10.O-O Nc7 11.a4 a6 12.f3 Rb8 13.Nc4 b5 14.axb5 axb5 15.Na5 Bd7
16.Bf4 Nfe8 17.Qd2 Bd4+ 18.Kh1 b4 19.Nd1 Nb5 20.Nc4 Bg7 21.Nde3 Bc8 22.Ra5 Nd4
23.Rfa1 Nb3 24.Qd1 Nxa5 25.Rxa5 Bb7 26.Qa4 h6 27.b3 Kh7 28.Ra7 Bf6 29.Na5 Qb6
30.Rxb7 Rxb7 31.Nxb7 Qxb7 32.Bb5 Qe7 33.Nc4 Be5 34.Be3 Nc7 35.Bc6 Bf6 36.Qa5
Bg5 37.Bg1 Bf6 38.Nxd6 Qxd6 39.Bxc5 Qf4 40.Bg1 Qc1 41.Qxb4 Kg8 42.Qb6 Bd8
43.Qd4 Ne8 44.b4 Nd6 45.Qc5 Nc4 46.h4 Bb6 {#R} 0-1

[Event "Ch Poland (1/2 final)"]
[Site "Lubniewice (Poland)"]
[Round "1"]
[White "Staniszewski Piotr (POL)"]
[Black "Mickiewicz Piotr (POL)"]
[Result "0-1"]
[WhiteElo "2449"]
[BlackElo "2280"]

1.d4 Nf6 2.c4 c5 3.d5 e6 4.Nc3 exd5 5.cxd5 d6 6.Nf3 g6 7.Nd2 Bg7 8.e4 O-O
9.Be2 Na6 10.O-O Nc7 11.a4 b6 12.Nc4 Ba6 13.Bg5 Qd7 14.Re1 Rfe8 15.e5 Bxc4
16.Bxc4 Rxe5 17.Rxe5 dxe5 18.d6 Nce8 19.Qf3 Rd8 20.Ne4 Nxe4 21.Bxd8 N4xd6
22.Rd1 e4 23.Qxe4 Qxd8 24.Qd5 Bd4 25.Rd3 Nf6 {#R} 0-1

[Event "It (open)"]
[Site "Oberwart (Austria)"]
[Round "9"]
[White "Gasiunas Natalia (UKR)"]
[Black "Somogyi Istvan (HUN)"]
[Result "1-0"]
[WhiteElo "2217"]
[BlackElo "2257"]

1.c4 Nf6 2.Nf3 e6 3.d4 c5 4.d5 exd5 5.cxd5 d6 6.Nc3 g6 7.e4 Bg7 8.Bf4 O-O
9.Nd2 Re8 10.Be2 Na6 11.O-O Nc7 12.a4 b6 13.Qc2 Nfxd5 14.exd5 Bxc3 15.bxc3
Rxe2 16.Qd3 Re8 17.c4 Ba6 18.Ne4 Qe7 19.Nxd6 Red8 20.Qg3 Ne8 21.Rfe1 Qd7
22.Nb5 Bb7 23.h4 Ng7 24.Be5 a6 25.Nc3 Re8 26.Ne4 Nh5 27.Qg5 Qe7 28.Nf6+ Nxf6
29.Bxf6 Qd6 30.h5 h6 31.Be7 hxg5 32.Bxd6 b5 33.Rxe8+ Rxe8 34.axb5 axb5 35.Ra7
Ba8 36.hxg6 fxg6 37.cxb5 Bxd5 38.Bxc5 Re1+ 39.Kh2 Rb1 40.b6 Rb5 41.Bd4 Kf8
42.Kg3 Ke8 43.Be3 g4 44.Kxg4 Bxg2 45.f3 Rf5 46.Bf4 {#r} 1-0

[Event "It (open)"]
[Site "Vlissingen (Netherlands)"]
[Round "9"]
[White "Bjarnason Saevar (ISL)"]
[Black "Spoelman Wouter (NED)"]
[Result "0-1"]
[WhiteElo "2262"]
[BlackElo "2195"]

1.d4 Nf6 2.c4 c5 3.d5 e6 4.Nc3 exd5 5.cxd5 d6 6.e4 g6 7.Bf4 a6 8.Nf3 Bg4 9.Be2
Bg7 10.O-O O-O 11.h3 Bxf3 12.Bxf3 b5 13.a4 b4 14.Nb1 Ne8 15.Qc1 Nd7 16.Nd2 Ne5
17.Be2 f5 18.exf5 Rxf5 19.Be3 Nc7 20.Nc4 Nxd5 21.Rd1 Nxe3 22.Rxd6 Qc7 23.Qxe3
Nxc4 24.Bxc4+ Kh8 25.Rad1 Bd4 26.R1xd4 cxd4 27.Qxd4+ Qg7 28.Qd2 Raf8 29.Rd7
Qe5 30.Rd5 Qf4 31.Qxf4 Rxf4 32.Bxa6 Rxf2 33.b3 Rb2 34.Rd3 Rff2 35.Bb7 Rfc2
36.a5 Ra2 37.a6 Rc3 38.Rd8+ Kg7 39.Rd7+ Kh6 40.Bd5 Rd3 41.a7 Kg5 42.h4+ Kh6
43.Kh2 Ra1 44.g3 Ra2+ 45.Kh3 Rd4 46.h5 Kg5 47.hxg6 Rdd2 48.Bg2 Rxg2 49.Rd5+
Kxg6 {#R} 0-1

[Event "It (open)"]
[Site "Tapolca (Hungary)"]
[Date "2002.01.09"]
[Round "6"]
[White "Banusz Tamas (HUN)"]
[Black "Rozsnyai Tibor (HUN)"]
[Result "1-0"]
[WhiteElo "2255"]
[BlackElo "2119"]

1.d4 Nf6 2.c4 e6 3.Nf3 c5 4.d5 exd5 5.cxd5 d6 6.Nc3 g6 7.Nd2 Bg7 8.e4 O-O
9.Be2 Na6 10.O-O Nc7 11.a4 a6 12.Nc4 Rb8 13.Be3 b5 14.axb5 Nxb5 15.e5 dxe5
16.Bxc5 Re8 17.Nxb5 Rxb5 18.b4 Ne4 19.Na3 Nc3 20.Qc2 Nxe2+ 21.Qxe2 Rb7 22.Nc4
Rd7 23.d6 e4 24.Rad1 Rb7 25.Na5 Rb5 26.d7 Bxd7 27.Qd2 Rxc5 28.bxc5 e3 29.fxe3
{#r} 1-0

[Event "Ch Georgia (1 Liga)"]
[Site "Tbilisi (Georgia)"]
[Date "2002.04.29"]
[Round "5"]
[White "Gaprindashvili Valeriane (GEO)"]
[Black "Pantsulaia Levan (GEO)"]
[Result "0-1"]
[WhiteElo "2491"]
[BlackElo "2457"]

1.d4 Nf6 2.c4 c5 3.d5 e6 4.Nc3 exd5 5.cxd5 d6 6.Nf3 g6 7.Nd2 Bg7 8.e4 O-O
9.Be2 Na6 10.O-O Nc7 11.a4 b6 12.Nc4 Ba6 13.f3 Nh5 14.g4 Nf6 15.Bg5 Bxc4
16.Bxc4 a6 17.Qd2 Qd7 18.Rfb1 b5 19.Be2 c4 20.b4 h5 21.e5 Nh7 22.Bh6 Bxe5
23.Bxf8 Rxf8 24.Ra3 hxg4 25.fxg4 Nf6 26.axb5 axb5 27.Ra7 Ra8 28.Rba1 Rxa7
29.Rxa7 Nxg4 30.Rxc7 Bxh2+ 31.Kg2 Qxc7 32.Bxg4 Be5 33.Qe3 Qb7 34.Bf3 Qa6
35.Qd2 Kg7 36.Qc1 f5 37.Qd2 Bf6 38.Ne2 Qa1 39.Nf4 c3 40.Ne6+ Kh7 41.Ng5+ Kh6
42.Nf7+ Kg7 43.Qh6+ Kxf7 44.Bh5 gxh5 45.Qh7+ Kf8 46.Qh6+ Ke7 47.Qh7+ Kd8
48.Qg8+ Kc7 49.Qf7+ Kb6 50.Qd7 Qa2+ {#R} 0-1

[Event "It (cat.2)"]
[Site "Budapest (Hungary)"]
[Round "6"]
[White "Berczes David (HUN)"]
[Black "Eisenbeiser Amadeus (GER)"]
[Result "0-1"]
[WhiteElo "2321"]
[BlackElo "2323"]

1.d4 c5 2.d5 Nf6 3.c4 e6 4.Nc3 exd5 5.cxd5 d6 6.Nf3 g6 7.Nd2 Na6 8.e4 Nc7
9.Be2 Bg7 10.O-O O-O 11.a4 Re8 12.Qc2 b6 13.Nc4 Ba6 14.Rb1 Bxc4 15.Bxc4 Qe7
16.f3 Nd7 17.b3 a6 18.Bb2 Rab8 19.f4 b5 20.axb5 axb5 21.Bd3 b4 22.Na4 Nb5
23.Bxg7 Kxg7 24.Bxb5 Rxb5 25.Rbe1 Ra5 26.Nb2 Ra2 27.Qc1 Nf6 28.e5 dxe5 29.Rxe5
Qd7 30.Rxe8 Qxe8 31.Qb1 Qe3+ 32.Kh1 Qe2 {#R} 0-1

[Event "It \"]
[Site "Buenos Aires (Argentina)"]
[Round "2"]
[White "Ligato Guillermo Fe (ARG)"]
[Black "Rosito Jorge (ARG)"]
[Result "0-1"]
[WhiteElo "2148"]
[BlackElo "2403"]

1.d4 Nf6 2.c4 e6 3.Nf3 c5 4.d5 d6 5.Nc3 exd5 6.cxd5 g6 7.Nd2 Bg7 8.e4 O-O
9.Be2 Na6 10.O-O Ne8 11.Nc4 f5 12.exf5 Bxf5 13.Ne3 Bd7 14.f4 Rb8 15.Kh1 Nac7
16.Qc2 Bd4 17.f5 Bxe3 18.Bxe3 Bxf5 19.Bd3 Ng7 20.Bh6 Nce8 21.g4 Bxg4 22.Rxf8+
Kxf8 23.Rf1+ Kg8 24.Bxg6 hxg6 25.Qxg6 Bh5 26.Qg3 Qe7 27.Rf5 Kh7 28.Bg5 Nxf5
29.Qf4 Qe5 {#R} 0-1

[Event "It (open)"]
[Site "Jersey"]
[Round "3"]
[White "Almond Richard (ENG)"]
[Black "Ward Christopher (ENG)"]
[Result "0-1"]
[WhiteElo "2158"]
[BlackElo "2485"]

1.d4 Nf6 2.c4 c5 3.d5 e6 4.Nc3 exd5 5.cxd5 d6 6.Nf3 g6 7.Nd2 Bg7 8.e4 O-O
9.Be2 Na6 10.O-O Nc7 11.a4 b6 12.Nc4 Ba6 13.Na3 Bxe2 14.Qxe2 Re8 15.Qd3 Qe7
16.f3 a6 17.Bd2 Nd7 18.Rae1 Bd4+ 19.Kh1 Ne5 20.Qe2 Qh4 21.Be3 f5 22.Qd2 Bxe3
23.Qxe3 Rab8 24.Qe2 Nf7 25.Qd3 f4 26.Rb1 Re5 27.Qe2 Qh6 28.Qf2 Rh5 29.Qg1 b5
30.b4 cxb4 31.Rxb4 a5 32.Rbb1 b4 33.Nc4 Rc8 34.Nb6 Rd8 35.Ne2 Ne5 36.Rfc1 Nd3
37.g4 fxg3 38.Nxg3 Nxc1 39.Nxh5 Qxh5 40.Rxc1 Qxf3+ 41.Qg2 Qe3 42.Rxc7 Rf8
43.Rc8 Qe1+ 44.Qg1 Qxe4+ 45.Qg2 Qe1+ 46.Qg1 Qxg1+ 47.Kxg1 Rxc8 {#R} 0-1

[Event "It (open)"]
[Site "Schwabisch Gmund (Germany)"]
[Date "2003.01.05"]
[Round "8"]
[White "Gerstner Bernhard (GER)"]
[Black "Jurasin Marin (GER)"]
[Result "0-1"]
[WhiteElo "2066"]
[BlackElo "2195"]

1.d4 Nf6 2.Nf3 c5 3.d5 e6 4.c4 exd5 5.cxd5 g6 6.Nc3 d6 7.e4 Bg7 8.Be2 Bg4
9.O-O O-O 10.a4 Re8 11.Qc2 Na6 12.Ra3 Nb4 13.Qb1 Nfxd5 14.Bb5 Nxc3 15.bxc3 Nc6
16.Bc4 Bxf3 17.gxf3 Qd7 18.Bb5 Qh3 19.Bxc6 bxc6 20.c4 Rab8 21.Qc2 Rb4 22.Bf4
Be5 23.Bg3 Qe6 24.Bxe5 Qxe5 25.Rd1 Reb8 26.Rad3 Rd8 27.R1d2 Kf8 28.Qd1 Ke7
29.f4 Qxf4 30.e5 Rxc4 31.exd6+ Kf8 32.h3 Rxa4 33.Qe2 Re4 34.Re3 Rxe3 35.Qxe3
Qxe3 36.fxe3 f6 {#R} 0-1

[Event "Regionalliga Southeast 2002/03"]
[Site "Germany"]
[Date "2003.02.09"]
[Round "6"]
[White "Nagy Laszlo (HUN)"]
[Black "Anka Emil (HUN)"]
[Result "0-1"]
[WhiteElo "1685"]
[BlackElo "2435"]

1.d4 c5 2.d5 Nf6 3.c4 e6 4.Nc3 exd5 5.cxd5 d6 6.Nf3 g6 7.Nd2 Bg7 8.e4 O-O
9.Be2 Na6 10.O-O Nc7 11.a4 b6 12.Nc4 Ba6 13.Bf4 Nh5 14.Bd2 Bxc4 15.Bxc4 Re8
16.f3 Bd4+ 17.Kh1 Ng3+ 18.hxg3 Re5 19.f4 Rh5+ 20.Qxh5 gxh5 21.Be1 Ne8 22.Bf2
Nf6 23.Rae1 h4 {#R} 0-1

[Event "It (open)"]
[Site "Kiel (Germany)"]
[Date "2003.07.27"]
[Round "3"]
[White "Meyer Malte (GER)"]
[Black "Foisor Ovidiu Doru (ROM)"]
[Result "1-0"]
[WhiteElo "2272"]
[BlackElo "2376"]

1.d4 Nf6 2.c4 e6 3.Nf3 c5 4.d5 d6 5.Nc3 exd5 6.cxd5 g6 7.Nd2 Na6 8.e4 Nc7
9.Be2 Bg7 10.O-O O-O 11.f3 Rb8 12.a4 b6 13.Nc4 Ba6 14.Qc2 Bxc4 15.Bxc4 a6
16.Qd3 Nd7 17.Bxa6 Bd4+ 18.Kh1 Ne5 19.Qe2 Nxa6 20.Qxa6 c4 21.Ne2 Bc5 22.Bf4
Ra8 23.Qb7 Rb8 24.Qa6 Ra8 25.Qb7 Nd3 26.Bg3 Nb4 27.Bf2 Rb8 28.Bxc5 Rxb7
29.Bxb4 Qd7 30.Nd4 Ra8 31.Nb5 Rba7 32.Nxa7 Rxa7 33.h3 Rxa4 34.Rxa4 Qxa4
35.Bxd6 Qb5 36.Be5 f5 37.Rd1 Kf7 38.d6 Qd7 39.exf5 gxf5 40.Bf4 Qa4 41.Rd4 Qa1+
42.Kh2 Qxb2 43.Be5 Qb5 44.f4 Qd7 45.Rxc4 Ke6 46.Rc7 Qd8 47.Rxh7 Kd5 48.d7 b5
49.Rf7 {#r} 1-0

[Event "It (cat.9)"]
[Site "Wijk aan Zee (Netherlands)"]
[Round "3"]
[White "Bosboom-Lanchava Tea (NED)"]
[Black "Ernst Sipke (NED)"]
[Result "0-1"]
[WhiteElo "2352"]
[BlackElo "2521"]

{ } 1.d4 { 1 } 1...Nf6 2.c4 e6 3.Nf3 c5 4.d5 exd5 5.cxd5 d6 6.Nc3 g6 7.Nd2 Na6
8.e4 Bg7 9.Be2 ( 9.Bxa6 bxa6 10.Nc4 { } ) 9...O-O 10.O-O Nc7 { ?/= } 11.Re1 (
11.a4 Nfe8 12.Nc4 f5 13.f3 Qe7 14.Bf4 g5 15.Bg3 f4 16.Bf2 b6 17.Re1 Ba6 18.e5
Bxc4 19.exd6 Nxd6 20.Bxc4 Qd7 21.Ba2 Rae8 22.Qd3 Kh8 23.Rxe8 Rxe8 24.Rd1 Bf6
25.Bb1 Re7 26.h3 Nce8 27.Bc2 Be5 28.Re1 Nf6 29.a5 Bd4 30.Re2 Bxf2+ {
...1/2-1/2, Kramnik Vladimir 2730 - Ivanchuk Vassily 2740 , Belgrade 1995 It
"Investbanka" } ) 11...Nfe8 { } ( 11...Rb8 12.a4 Re8 13.Bf1 b6 14.Ra3 Ng4
15.Nf3 Ne5 16.Nxe5 Bxe5 17.Bd3 Qh4 18.g3 Qf6 19.Be3 Bd7 20.Qe2 Qg7 21.f3 f5
22.Qd2 fxe4 23.fxe4 a6 24.Bh6 Qe7 25.Bg5 Bf6 26.Bf4 Be5 27.Bg5 Qg7 28.Raa1 Bh3
29.Rab1 b5 30.axb5 axb5 31.Ne2 { ...0-1, Rogowski Jaroslaw 2270 - Gdanski
Jacek 2485 , Poland 1993 Ch Poland (team) } ) 12.Nc4 { N } ( 12.a4 f5 13.exf5
Bxf5 14.Nc4 Bd4 15.Bf4 Qf6 16.Bg3 Rd8 17.Qd2 a6 18.Ne3 Ng7 19.Ng4 Bxg4 20.Bxg4
Bxc3 21.bxc3 h5 22.Be6+ Kh7 23.Re4 Ncxe6 24.dxe6 Nxe6 25.Rae1 Rde8 26.Bxd6 Rf7
27.Bxc5 Nf4 28.Rxe8 Qg5 29.Qxf4 Qxf4 30.Bd4 g5 31.g3 Qd2 { ...1-0, Landgren
Andreas 2196 - Wikstrom Per 2100 , Borlange 1995 Ch Sweden (juniors) } )
12...f5 13.exf5 Bxf5 14.Be3 { ? } ( { ? } 14.Bf3 Kh8 { } ) 14...b5 15.Na5 b4
16.Nc6 Qd7 17.Na4 Nf6 18.Bc4 Rae8 19.a3 { ?! } ( 19.f3 { !? } 19...Qf7 20.Nxa7
Kh8 21.Nb5 { } ) 19...Be4 20.Nxa7 Qf5 21.axb4 { } ( 21.Nxc5 { !? } 21...dxc5
22.d6+ Ne6 23.axb4 { } ) 21...Ng4 22.Qd2 { } ( 22.Qe2 { !? } 22...Be5 23.h3
Nxe3 24.Rac1 { } ) 22...Bxg2 { ? } ( { ? } 22...Be5 23.f3 Bxh2+ 24.Kh1 Bxf3 {
} ) 23.Bxc5 { ?? } ( { ? } 23.bxc5 Qe5 24.f4 Qh5 25.Qxg2 { } ) 23...Nxh2
24.Ra3 Nf3+ 25.Rxf3 Bxf3 26.Bxd6 Qh3 { } {#R} 0-1

[Event "Bundesliga 2003/04 (w)"]
[Site "Germany"]
[Date "2004.03.14"]
[Round "8"]
[White "Mueller Kathrin (GER)"]
[Black "Hafenstein Andrea (GER)"]
[Result "0-1"]
[WhiteElo "2019"]
[BlackElo "1982"]

1.d4 Nf6 2.c4 c5 3.d5 e6 4.Nc3 exd5 5.cxd5 d6 6.e4 g6 7.Nf3 Bg4 8.Be2 Bg7
9.O-O O-O 10.h3 Bxf3 11.Bxf3 Na6 12.Be2 Nc7 13.Qc2 a6 14.a4 Rb8 15.a5 Re8
16.Bg5 b5 17.axb6 Rxb6 18.Ra3 h6 19.Bh4 g5 20.Bg3 Nb5 21.Nxb5 axb5 22.f3 Nd7
23.f4 Qe7 24.Bg4 Nf6 25.Bf3 Nxe4 26.Bxe4 Qxe4 27.Qxe4 Rxe4 28.Ra8+ Bf8 29.fxg5
hxg5 30.Rf5 Kg7 31.Rxg5+ Kf6 32.Rh5 Kg6 33.Rh8 Bg7 34.Rag8 f5 35.Rh4 Rxh4
36.Bxh4 Kf7 37.Rd8 Bxb2 38.Kf2 b4 39.Kf3 Be5 40.Rd7+ Kg6 41.Rd8 b3 {#R} 0-1

[Event "Ch Poland (juniors) (under 16)"]
[Site "Leba (Poland)"]
[Date "2004.04.01"]
[Round "7"]
[White "Gajdzica Maciej (POL)"]
[Black "Baran Pawel (POL)"]
[Result "0-1"]
[WhiteElo "2044"]
[BlackElo "2110"]

1.d4 c5 2.d5 e6 3.c4 exd5 4.cxd5 d6 5.e4 g6 6.Nc3 Bg7 7.Nf3 Nf6 8.Be2 Bg4
9.O-O O-O 10.Re1 Re8 11.Nd2 Bxe2 12.Qxe2 Nbd7 13.Qf1 a6 14.a4 Qc7 15.f4 Ng4
16.Kh1 Bd4 17.g3 Nf2+ 18.Kg2 Nf6 19.Ne2 N2xe4 20.Nxd4 cxd4 21.Nxe4 Nxe4 22.Qd3
Qa5 23.Rd1 Rac8 24.Qb3 Nc5 25.Qc4 b5 26.Qc2 d3 27.Rxd3 Nxd3 28.Qxd3 Qe1
29.axb5 Re2+ 30.Kf3 Rf2+ 31.Kg4 f5+ 32.Kg5 Qe7+ {#R} 0-1

[Event "It (cat.14)"]
[Site "Malme (Sweden)/Copenhagen"]
[Date "2004.05.04"]
[Round "5"]
[White "Hansen Curt (DEN)"]
[Black "De Firmian Nick E (USA)"]
[Result "1-0"]
[WhiteElo "2633"]
[BlackElo "2550"]

{ Hansen Curt (DEN) +0 =0 -1 } 1.d4 { 1 } 1...Nf6 2.c4 c5 3.d5 e6 4.Nc3 exd5
5.cxd5 d6 6.Nf3 g6 7.Nd2 Bg7 8.e4 O-O 9.Be2 Na6 10.O-O Nc7 11.a4 { ?/= }
11...Nd7 ( 11...b6 12.Nc4 Ba6 13.Bd2 Bxc4 14.Bxc4 a6 15.Qe2 Re8 16.f3 Nd7
17.Rab1 f5 18.b4 Bd4+ 19.Kh1 Qf6 20.Rfc1 cxb4 21.Rxb4 Nc5 22.Rxb6 Nd3 23.Qxd3
Bxb6 24.exf5 gxf5 25.Ne2 Re7 26.Rb1 Bc5 27.Bc3 Qg5 28.Bd2 Qf6 29.Bc3 {
1/2-1/2, Khalifman Alexander 2645 - Wojtkiewicz Aleksander 2570 , Rakvere 1993
It } ) 12.Nc4 ( 12.f4 f5 13.Nc4 Ne8 14.exf5 gxf5 15.Bd2 Ndf6 16.Qc2 Ng4
17.Bxg4 fxg4 18.Ne2 Bf5 19.Qb3 Qd7 20.Ng3 b6 21.Ne3 Bd4 22.Kh1 Ng7 23.Ngxf5
Nxf5 24.Nxg4 Qg7 25.Ne3 Nxe3 26.Bxe3 Bxb2 27.Rab1 Bf6 28.Rf3 Kh8 29.Rbf1 Rae8
30.Bd2 Re4 31.a5 Qb7 { ...0-1, Naumann Frank 2301 - Lukov Valentin 2465 ,
Berlin 1988 } ) ( 12.Kh1 Rb8 13.Rb1 a6 14.Nc4 Ne5 15.Nb6 Qh4 16.Nxc8 Rfxc8
17.Be3 h5 18.f4 Ng4 19.Bg1 Re8 20.g3 Qd8 21.e5 dxe5 22.f5 gxf5 23.Rxf5 b5
24.Bxg4 hxg4 25.Qxg4 Nxd5 26.Ne4 Rb6 27.Rd1 Qa8 28.Bxc5 Nf6 29.Rxf6 Rxf6
30.Kg1 Rg6 31.Qf3 Qc6 { ...1/2-1/2, Lukacs Peter 2520 - Horvath Tamas I 2307 ,
Farum 1987 It (open) "Politiken Cup" } ) 12...Ne5 13.Ne3 ( 13.Bf4 Nxc4 14.Bxc4
a6 15.Qd3 Re8 16.Qg3 Bxc3 17.Bxd6 Nxd5 18.bxc3 Nxc3 19.Qf3 Be6 20.Bxe6 Rxe6
21.e5 Ne4 22.Qxe4 Qxd6 23.Qxb7 Qc6 24.Qxc6 Rxc6 25.Rfd1 Kf8 26.f4 c4 27.Kf2
Ke7 28.Ke3 c3 29.Rdc1 Ke6 30.Ra3 Rac8 31.Rc2 Kf5 32.g3 Kg4 { ...1/2-1/2,
Rogers Ian 2475 - De Firmian Nick E 2475 , Bor 1984 It (cat.8) } ) 13...f5
14.f4 Nf7 15.exf5 gxf5 16.Bd3 ( 16.Kh1 Nh6 17.Bd2 Kh8 18.Qc2 Bd7 19.Nc4 Qf6
20.Bf3 Rae8 21.Ne2 Re7 22.Bc3 Qg6 23.Ng3 Bxc3 24.Qxc3+ Kg8 25.Rfe1 Rfe8
26.Rxe7 Rxe7 27.Qa5 b5 28.Nd2 Be8 29.axb5 Bxb5 30.Qxa7 Qg7 31.Rg1 Qxb2 32.Qb8+
Kf7 33.Bh5+ Kg7 34.Nc4 Qf6 35.Bf3 Kf7 { ...1/2-1/2, Pliva Vojtech 2136 -
Krnavek Lubomir 2311 , Czech Republic 1997 Czech League 1996/97 (1st) (a) } )
16...Nh6 { } 17.Bd2 { N } ( 17.Qc2 Bd7 ( 17...Kh8 18.Kh1 Bd7 19.Bd2 a6 20.Ne2
Qh4 21.b4 Rae8 22.bxc5 Rxe3 23.Bxe3 Ng4 24.Bg1 Nxd5 25.Qb1 Bc6 26.Rf3 dxc5
27.Bxf5 Rxf5 28.Qxf5 Ne7 29.Qb1 Bxf3 30.gxf3 Nf2+ 31.Kg2 Nh3 32.Qe1 Nxf4+
33.Nxf4 Qxf4 34.Rd1 Ng6 35.Qe4 Qg5+ 36.Kh1 h5 { ...1-0, Chekhov Valery A 2495
- Twardon Marian 2325 , Rostock 1985 It } ) 18.Bd2 ( 18.Rb1 Qf6 19.Bd2 Rae8
20.Kh1 Kh8 21.Rfe1 Re7 22.b4 b6 23.bxc5 dxc5 24.Ne2 Rxe3 25.Bxe3 Nxd5 26.Bg1
Nb4 27.Qb3 Nxd3 28.Qxd3 Bxa4 29.Qa6 Bc2 30.Rbc1 Be4 31.Ng3 Bd5 32.Qxa7 Qb2
33.Ne2 Rg8 34.Rcd1 Bd4 35.Bxd4+ cxd4 36.Rxd4 Bxg2+ { ...0-1, Dlugy Maxim 2325
- De Firmian Nick E 2475 , Gausdal 1982 It (young masters) } ) 18...a6 19.Rae1
b5 20.b3 Qf6 21.Be2 Rae8 { 1/2-1/2, Pinter Jozsef 2515 - De Firmian Nick E
2475 , Salonika 1984 Olympiad } ) 17...Bd7 18.Qc2 a6 { N } 19.Ne2 b5 20.Ng3
Bd4 21.Kh1 Bxe3 22.Bxe3 Nxd5 23.Bd2 { ?! } ( 23.Bg1 { !? } 23...Nb4 24.Qb3+
Rf7 25.Rfd1 { } ) 23...c4 { ?! } ( 23...Qh4 { !? } 24.Be2 Nf6 25.axb5 Nhg4 { }
) 24.Be2 Nf6 { ?! } ( 24...Bc6 { !? } 25.Bf3 Qh4 26.b3 Ne7 { } ) 25.Rad1 Nfg4
26.h3 Qh4 27.Rf3 { ? } ( { ? } 27.Qc3 Nf7 28.Bxg4 fxg4 29.Ne4 { } ) 27...Rae8
28.axb5 axb5 29.Kg1 d5 { ?! } ( 29...Rf7 { !? } 30.Qc3 Bc6 31.Be1 b4 { } )
30.Qc3 Qf6 31.Be1 Qb6+ { ?! } ( 31...Qxc3 { !? } 32.Bxc3 Nf6 33.Rff1 Bc6 { } )
32.Kh1 Nf6 33.Bf2 Qc6 34.Bd4 Re6 35.Be5 Ne4 36.Nxe4 fxe4 37.Rg3+ Rg6 38.Bh5 b4
{ ? } ( { ? } 38...Nf5 39.Bxg6 Nxg3+ 40.Qxg3 Qxg6 { } ) 39.Bxg6 bxc3 { ?! } (
39...hxg6 { !? } 40.Qxb4 Nf5 41.Rg5 Rf7 { } ) 40.Be8+ { ? } ( { ? } 40.Bxe4+
Ng4 41.Bxd5+ Qxd5 42.Rxd5 { } ) 40...Ng4 41.Bxd7 Qxd7 42.Rxg4+ Qxg4 43.hxg4
cxb2 { ?! } ( 43...c2 { !? } 44.Rc1 Rd8 45.Bd4 e3 { } ) 44.Bxb2 Rxf4 45.Rxd5
Rf2 { ?! } ( 45...Rxg4 { !? } 46.Rc5 Kf7 47.Rxc4 h5 { } ) 46.Rg5+ { } {#r} 1-0

[Event "Memorial J.Capablanca (b) (cat.8)"]
[Site "Habana (Cuba)"]
[Date "2004.05.12"]
[Round "7"]
[White "Otero Diasmany (CUB)"]
[Black "Lafuente Pablo (ARG)"]
[Result "0-1"]
[WhiteElo "2426"]
[BlackElo "2473"]

1.d4 Nf6 2.c4 e6 3.Nc3 c5 4.d5 exd5 5.cxd5 d6 6.e4 g6 7.Nf3 Bg7 8.Nd2 O-O
9.Be2 Nbd7 10.O-O Ne8 11.a4 b6 12.Ra3 Rb8 13.Nb5 Rb7 14.Nc4 Ne5 15.Ne3 f5
16.f4 Nf7 17.exf5 gxf5 18.Bd3 Nh6 19.Qc2 Re7 20.Kh1 Qd7 21.Nc3 Nf6 22.Ne2 Ne4
23.Rf3 Qe8 24.Ng3 Nxg3+ 25.Rxg3 Ng4 26.Rxg4 fxg4 27.Bxh7+ Kh8 28.Bg6 Qd8
29.Qf2 Bd4 30.Qh4+ Kg8 31.f5 Rg7 32.Qh5 Qe7 33.Bd2 Qe4 34.Ra1 Bxe3 {#R} 0-1

[Event "It (open)"]
[Site "Singapore"]
[Date "2004.12.12"]
[Round "2"]
[White "Purnama Tirta Chandra (INA)"]
[Black "Rismanto Ricky (INA)"]
[Result "1-0"]
[WhiteElo "2286"]
[BlackElo "2169"]

1.d4 Nf6 2.c4 c5 3.d5 e6 4.Nc3 exd5 5.cxd5 d6 6.Nf3 g6 7.e4 Bg7 8.Nd2 O-O
9.Be2 Na6 10.O-O Rb8 11.Re1 Re8 12.h3 Nc7 13.a4 a6 14.a5 Bd7 15.Qb3 Nb5
16.Bxb5 axb5 17.Nxb5 Bxb5 18.Qxb5 Nxd5 19.Nc4 Nb4 20.Bf4 Nd3 21.Bxd6 Nxe1
22.Rxe1 Rc8 23.Qxb7 Bd4 24.a6 Qf6 25.Re2 Qe6 26.b3 Rcd8 27.a7 Rxd6 28.Nxd6
Qxd6 29.a8=Q Rxa8 30.Qxa8+ Kg7 31.Qd5 Qf4 32.e5 Qc1+ 33.Kh2 Qf1 34.Qf3 Qd1
35.h4 h5 36.Qf6+ Kg8 37.Ra2 {#r} 1-0

[Event "Ch Russia (w) (1 liga)"]
[Site "Kolontaevo (Russia)"]
[Round "5"]
[White "Melnik Galina (RUS)"]
[Black "Ambartsumova Karina (RUS)"]
[Result "0-1"]
[WhiteElo "2071"]
[BlackElo "2181"]

1.d4 Nf6 2.Nf3 c5 3.d5 e6 4.c4 exd5 5.cxd5 d6 6.Nc3 g6 7.Nd2 Na6 8.e4 Nc7
9.Be2 Bg7 10.O-O O-O 11.h3 Re8 12.Re1 b6 13.Qc2 Nd7 14.f4 Nf8 15.Nf3 Rb8 16.a4
a6 17.Bd2 b5 18.axb5 axb5 19.Nd1 f5 20.e5 dxe5 21.Qxc5 e4 22.Ne5 Nce6 23.Qc1
Qxd5 24.Nc3 Qd6 25.Rd1 Bxe5 26.fxe5 Qxe5 27.Be3 Bb7 28.Bxb5 Red8 29.Bc4 f4
30.Bb6 Rxd1+ 31.Qxd1 f3 32.Qe1 Rc8 33.b3 fxg2 34.Ra5 Qd6 35.Qe3 Nd7 36.Ba7 Ne5
37.Bxe6+ Qxe6 38.Bd4 Nf3+ 39.Kxg2 Nxd4 40.Qxd4 e3+ 41.Kh2 e2 42.Re5 e1=Q {#R}
0-1

[Event "Ch Russia (w) (1 liga)"]
[Site "Kolontaevo (Russia)"]
[Round "9"]
[White "Melnik Galina (RUS)"]
[Black "Borisova Elizaveta (RUS)"]
[Result "1-0"]
[WhiteElo "2071"]
[BlackElo "2214"]

1.d4 Nf6 2.Nf3 c5 3.d5 e6 4.c4 exd5 5.cxd5 d6 6.Nc3 g6 7.Nd2 Bg7 8.e4 O-O
9.Be2 Na6 10.O-O Nc7 11.a4 b6 12.Nc4 Ba6 13.Qc2 Bxc4 14.Bxc4 a6 15.h3 Nh5
16.Be3 f5 17.Be2 f4 18.Bd2 Qh4 19.Bxh5 Qxh5 20.f3 g5 21.Ne2 Qg6 22.Qb3 b5
23.Bc3 Rfb8 24.Qd1 Ne8 25.Qd3 b4 26.Bxg7 Qxg7 27.b3 Rb7 28.Rac1 Qe5 29.Kf2 Rg7
30.Qd2 Raa7 31.g3 fxg3+ 32.Nxg3 Raf7 33.Rg1 Nf6 34.Rce1 Nd7 35.Rg2 Rf4 36.Nf5
Rg6 37.Rg4 Nf6 38.Rxf4 gxf4 39.Re2 Nh5 40.Qb2 Qxb2 41.Rxb2 Kf7 42.Rb1 Ng3
43.Nh4 Rh6 44.Ng2 Nh5 45.Rb2 Kf6 46.Rd2 Ke5 47.h4 Nf6 48.Ne1 Rxh4 49.Nd3+ Kd4
{#r} 1-0

[Event "Memorial D.Efremenkov"]
[Site "Tula (Russia)"]
[Date "2005.02.04"]
[Round "0"]
[White "Domogaev Sergey (RUS)"]
[Black "Poletov Vladimir (RUS)"]
[Result "1-0"]
[WhiteElo "2323"]
[BlackElo "2342"]

1.d4 Nf6 2.c4 c5 3.d5 e6 4.Nc3 exd5 5.cxd5 d6 6.e4 g6 7.Nf3 Bg7 8.Be2 Bg4
9.O-O O-O 10.Bg5 h6 11.Bf4 a6 12.a4 Re8 13.Nd2 Bxe2 14.Qxe2 Nh5 15.Be3 Nd7
16.Kh1 Kh7 17.f4 Qh4 18.Qf3 Ndf6 19.g3 Qh3 20.Bg1 Re7 21.Qg2 Qg4 22.a5 Rae8
23.Ra4 Qd7 24.Raa1 Qg4 25.Rae1 Ng8 26.Nc4 Bxc3 27.bxc3 Rxe4 28.Rxe4 Rxe4
29.Nxd6 Re2 30.Qf3 Qh3 31.Rf2 Re7 32.g4 Qxf3+ 33.Rxf3 Nhf6 34.c4 Nxg4 35.h3
N4f6 36.Bxc5 Ne4 37.Bb4 Nxd6 38.Bxd6 Re1+ 39.Kg2 Nf6 40.Rb3 Ne4 41.Be7 Nd2
42.Rxb7 Re2+ 43.Kg3 Nxc4 44.d6 Nxa5 45.Rc7 Rd2 46.d7 Nc6 47.Bf6 Rd6 48.Rxc6
Rxd7 49.Rc8 {#r} 1-0

[Event "It \"]
[Site "Copenhagen (Denmark)"]
[Date "2005.07.17"]
[Round "2"]
[White "Nilsson Anders (SWE)"]
[Black "Pedersen Bent O (DEN)"]
[Result "1-0"]
[WhiteElo "2199"]
[BlackElo "2027"]

1.d4 Nf6 2.c4 c5 3.d5 d6 4.Nc3 e6 5.e4 exd5 6.cxd5 g6 7.Bg5 Bg7 8.Nf3 O-O
9.Be2 h6 10.Bh4 Bg4 11.Nd2 Bxe2 12.Qxe2 Re8 13.O-O a6 14.a4 Nbd7 15.f4 Qc7
16.Kh1 b6 17.Rae1 Kh7 18.Nc4 Ng8 19.Qf3 Ra7 20.Bg3 Qb8 21.Re2 b5 22.Na5 Qb6
23.Nc6 Raa8 24.e5 Ne7 25.e6 fxe6 26.Nxe7 Rxe7 27.dxe6 {#r} 1-0